20 Largest cities in United States - Statistics

General Stats
  • This quiz has been taken 29 times
  • The average score is 14 of 20
Answer Stats
Population Answer % Correct
3,820,914 Los Angeles
100%
8,258,035 New York City
100%
2,664,452 Chicago
96%
1,302,868 Dallas
92%
755,078 Seattle
92%
1,550,542 Philadelphia
88%
808,988 San Francisco
88%
2,314,157 Houston
85%
979,882 Austin
81%
1,650,070 Phoenix
81%
1,495,295 San Antonio
73%
1,338,320 San Diego
69%
716,577 Denver
65%
879,293 Indianapolis
58%
913,175 Columbus
54%
985,843 Jacksonville
50%
969,655 San Jose
50%
702,767 Oklahoma City
46%
911,311 Charlotte
35%
978,468 Fort Worth
27%
No matching quizzes found
Score Distribution
Percent of People with Each Score
Percentile by Number Answered
Your Score History
You have not taken this quiz